| 000 | 01035cam a2200337 i 4500 | ||
|---|---|---|---|
| 001 | 4908990 | ||
| 003 | EG-ScBUE | ||
| 005 | 20230726131527.0 | ||
| 008 | 980224t1996 ja a f 001 0 eng d | ||
| 020 | _a0804819645 | ||
| 020 | _a9780804819640 | ||
| 040 |
_aDLC _beng _erda _cDLC _dDLC _dEG-ScBUE |
||
| 043 | _aa-ja--- | ||
| 082 | 0 | 4 |
_a915.21350448 _222 _bBAR |
| 100 | 1 |
_aBarakan, Mayumi Yoshida, _eauthor. |
|
| 245 | 1 | 0 |
_aTokyo city guide / _cMayumi Yoshida Barakan, Judith Connor Greer. |
| 250 | _aFirst revised and updated edition. | ||
| 264 | 1 |
_aTokyo : _bC. E. Tuttle Co., _c[1996] |
|
| 264 | 4 | _cc1996 | |
| 300 |
_a363 pages : _billustrations ; _c18 cm |
||
| 336 |
_2rdacontent _atext _btxt |
||
| 337 |
_2rdamedia _aunmediated _bn |
||
| 338 |
_2rdacarrier _avolume _bnc |
||
| 500 | _aIncludes index. | ||
| 651 | 7 |
_aTokyo (Japan) _xGuidebooks. _2BUEsh |
|
| 653 |
_bGGEN _cJanuary2018 |
||
| 655 | _vReading book | ||
| 700 | 1 |
_aGreer, Judith Connor, _eauthor. |
|
| 942 |
_2ddc _cBB |
||
| 999 |
_c25889 _d25861 |
||